| 000 | 00816nam2a22002531 4500 | ||
|---|---|---|---|
| 001 | v19\rc\1839134 | ||
| 005 | 20250619142823.0 | ||
| 035 | _a(NLR Aleph) 004933073 | ||
| 090 |
_a5700595 _c5700595 |
||
| 100 | _a20071224d1908 |||y0rusy50 ca | ||
| 101 | 0 | _arus | |
| 102 | _aRU | ||
| 105 | _ay z ||||| | ||
| 200 | 1 | _aО самоубийстве | |
| 210 |
_dценз. 1908 _aБ. м. |
||
| 215 | _a16 с. | ||
| 461 | 0 |
_1001v19\rc\1839132 _12001#$aПеред судом божьим$e№ 1-$v№ 2 _95700580 _cМосква _d1908 _nдухов.-нрав. журн. "Кормчий" _o№ 1- _tПеред судом божьим _v№ 2 |
|
| 700 | 1 |
_aСмирнов _bН. |
|
| 801 | 0 |
_aRU _bNLR _gpsbo |
|
| 801 | 0 |
_aRU _bRuMoRGB _2psbo |
|
| 801 | 1 |
_aRU _bProSoft-M _2rusmarc |
|
| 852 |
_aNLR _j128/3232 |
||
| 942 | _cBOOK | ||
| 980 | _aNB | ||